| 000 | 006630000a22001810004500 | ||
|---|---|---|---|
| 003 | MACL | ||
| 005 | 20160524134826.0 | ||
| 008 | 160524b xxu||||| |||| 00| 0 eng d | ||
| 040 |
_aMACL _cMACL |
||
| 041 | _aHindi | ||
| 082 | _a891.433 DOS | ||
| 100 |
_aदोस्तोयेव्स्की, फयोदोर _959126 |
||
| 245 |
_aदरिद्र नारायण रजत रातें _cफयोदोर दोस्तोयेव्स्की |
||
| 260 |
_bयुगबोध साहित्य _c2002 _aनई दिल्ली |
||
| 350 | _a200 | ||
| 650 |
_aNovel _959127 |
||
| 942 |
_cHIN _k800/DOS/N _2ddc |
||
| 999 |
_c9268 _d9268 |
||